000 00298nam a22001337a 4500
008 260218b ||||| |||| 00| 0 eng d
020 _a9951050174
041 _aShqip
080 _82.11
_a2.11
100 _a20.1
101 _aRoman
245 _aYjet Ndritin Lart
_cNaum Prifti
942 _2lcc
_cBK
999 _c60802
_d60802